000 00874cab a2200301 4500
001 ABS53720
008 090401t1995 xxu||||| |||| 00| 0 eng d
035 _a(Sirsi) u6179
041 _aeng
245 _aMarket report : Greater Manchester industrial and retail
260 _c1995
350 _a0
490 _aProperty Week
_v53(1) 5 October 1995, 40-63(11)
650 _aARROWCROFT
650 _aDISTRIBUTION
650 _aGREATER MANCHESTER
650 _aHEYWOOD
650 _aINDUSTRIAL DEVELOPMENT
650 _aINDUSTRIAL MARKET
650 _aMODUS PROPERTIES
650 _aNORTH WEST WATER
650 _aRETAIL DEVELOPMENT
650 _aPROPERTY-COMMERCIAL PROPERTY-RETAIL PROPERTY-RETAIL PROPERTY MARKET
650 _aTRAFFORD CENTRE
690 _aPROPERTY-COMMERCIAL PROPERTY-COMMERCIAL PROPERTY MARKET
942 _n0
948 _c04/03/1997
999 _c3709
_d3709